| 000 | 00734nam a2200241Ia 4500 | ||
|---|---|---|---|
| 001 | 1858 | ||
| 003 | GE_BSU | ||
| 008 | 181216s||||||||xx |||||||||||||| ||und|| | ||
| 020 | _a9785365006447 | ||
| 040 | _cGE_BSU | ||
| 080 | _a342(470):352(470) | ||
| 100 | _aВелиева, Джамила;Сейфаддин,Кызы; [и др]. | ||
| 245 | _aМуниципальне правао:Учебное пособие | ||
| 245 | _b3-ье изд.стер. | ||
| 245 | _cПод. ред. С.Е.Чаннова | ||
| 260 | _aМосква | ||
| 260 | _bОмега-Л (Биб-ка высшей школы) | ||
| 260 | _c2007 | ||
| 300 | _a288 с. | ||
| 541 | _h8 л. | ||
| 653 | _aМуниципальное правао | ||
| 942 | _cBK | ||
| 999 |
_c35959 _d35959 |
||